书目信息 |
| 题名: |
信息技术与整合教程
|
|
| 作者: | 顾小清 主编 | |
| 分册: | ||
| 出版信息: | 上海 华东师范大学出版社 2008.09 |
|
| 页数: | 226页 | |
| 开本: | 26cm | |
| 丛书名: | 教师教育信息化系列 | |
| 单 册: | ||
| 中图分类: | G423 | |
| 科图分类: | ||
| 主题词: | 信息技术--xin xi ji shu--应用--课程--教学研究 | |
| 电子资源: | ||
| ISBN: | 978-7-5617-5819-9 | |
| 000 | 01026nam 2200265 450 | |
| 001 | 012009746015 | |
| 005 | 20090922113641.56 | |
| 010 | @a978-7-5617-5819-9@dCNY32.00 (含光盘) | |
| 010 | @a978-7-900685-68-1@b光盘 | |
| 100 | @a20090922d2008 em y0chiy0120 ea | |
| 101 | 0 | @achi |
| 102 | @aCN@b310000 | |
| 105 | @aak z 000yy | |
| 106 | @ar | |
| 200 | 1 | @a信息技术与整合教程@Axin xi ji shu yu zheng he jiao cheng@f顾小清主编@Fgu xiao qing zhu bian |
| 210 | @a上海@c华东师范大学出版社@d2008.09 | |
| 215 | @a226页@c图@d26cm@e光盘1片 | |
| 225 | 2 | @a教师教育信息化系列@Ajiao shi jiao yu xin xi hua xi lie |
| 330 | @a本书共九章,内容包括认识教育技术、认识整合技术的多样模式、分析有效整合的基本原则、认识综合的主题学习单元、理解问题化学习策略、设计探究取向的学习活动、设计合作学习策略等。 | |
| 410 | 0 | @12001 @a教师教育信息化系列 |
| 606 | 0 | @a信息技术@Axin xi ji shu@x应用@x课程@x教学研究 |
| 690 | @aG423@v4 | |
| 701 | 0 | @a顾小清@Agu xiao qing@4主编 |
| 801 | 0 | @aCN@bQSSK@c20090922 |
| 905 | @b755552-54@dG423@eG515@f3 | |
| 信息技术与整合教程/顾小清主编.-上海:华东师范大学出版社,2008.09 |
| 226页:图;26cm+光盘1片.-(教师教育信息化系列) |
| ISBN 978-7-5617-5819-9:CNY32.00 (含光盘) |
| 本书共九章,内容包括认识教育技术、认识整合技术的多样模式、分析有效整合的基本原则、认识综合的主题学习单元、理解问题化学习策略、设计探究取向的学习活动、设计合作学习策略等。 |
| ● |
| 相关链接 |
|
|
|
正题名:信息技术与整合教程
索取号:G423/G515
 
预约/预借
| 序号 | 登录号 | 条形码 | 馆藏地/架位号 | 状态 | 备注 |
| 1 | 755552 | 207555527 | 社科库409/409社科库 2排3列3层/ [索取号:G423/G515] | 在馆 | |
| 2 | 755553 | 207555536 | 社科库409/409社科库 2排3列3层/ [索取号:G423/G515] | 在馆 | |
| 3 | 755554 | 207555545 | 社科库409/409社科库 2排3列3层/ [索取号:G423/G515] | 在馆 |